FC Bayern München Kader Saison 2013/2014 - Statistiken

Allgemein
  • Dieses Quiz wurde 122 mal gespielt
    104 seit der letzten Aktualisierung
  • Das Durchschnittsergebnis liegt bei 19 aus 28
Antwortstatistiken
Nummer Nation Spieler % Korrekt
1 Deutschland Manuel Neuer
100%
10 Niederlande Arjen Robben
98%
7 Frankreich Franck Ribéry
98%
27 Österreich David Alaba
95%
17 Deutschland Jérome Boateng
94%
25 Deutschland Thomas Müller
94%
21 Deutschland Philipp Lahm
92%
4 Brasilien Dante
90%
31 Deutschland Bastian Schweinsteiger
87%
14 Peru Claudio Pizarro
87%
9 Kroatien Mario Mandzukic
86%
8 Spanien Javi Martinez
84%
6 Spanien Thiago
79%
11 Schweiz Xherdan Shaqiri
78%
39 Deutschland Toni Kroos
75%
28 Deutschland Holger Badstuber
70%
22 Deutschland Tom Starke
70%
5 Belgien Daniel van Buyten
69%
13 Brasilien Rafinha
66%
19 Deutschland Mario Götze
63%
34 Dänemark Pierre-Emile Hojbjerg
48%
37 USA Julian Green
41%
26 Deutschland Diego Contento
38%
32 Deutschland Lukas Raeder
24%
23 Deutschland Mitchell Weiser
21%
15 Deutschland Jan Kirchhoff
20%
20 Deutschland Patrick Weihrauch
15%
36 Österreich Alessandro Schöpf
2%
Keine übereinstimmenden Quizze gefunden
Verteilung der Resultate
Anzahl Personen mit jedem Resultat
Perzentil nach korrekt beantworteten Fragen
Ihre Resultats-Entwicklung
Sie haben dieses Quiz seit der letzten Aktualisierung nicht gespielt